书目信息 |
| 题名: |
酒和熟化的化学
|
|
| 作者: | 北条正司 , 能勢晶 著 ;赵惠民 编译 | |
| 分册: | ||
| 出版信息: | 大连 大连理工大学出版社 2011 |
|
| 页数: | 168页 | |
| 开本: | 21cm | |
| 丛书名: | ||
| 单 册: | ||
| 中图分类: | TS261.4 | |
| 科图分类: | ||
| 主题词: | 酿酒--生产工艺 | |
| 电子资源: | ||
| ISBN: | 978-7-5611-5999-6 | |
| 000 | 00903nam0 2200253 450- | |
| 001 | 0102089893 | |
| 005 | 20110719115714.0 | |
| 010 | @a978-7-5611-5999-6@dCNY25.00 | |
| 100 | @a20110413d2011 em y0chiy0120 ea | |
| 101 | 1 | @achi@cjpn |
| 102 | @aCN@b210000 | |
| 105 | @aa z 001yy | |
| 106 | @ar | |
| 200 | 1 | @a酒和熟化的化学@9Jiu He;Huo;Hu Shou;Shu Hua De;Di Hua Xue @f(日)北条正司,(日)能勢晶著@g赵惠民[等]编译@b专著 |
| 210 | @a大连@c大连理工大学出版社@d2011 | |
| 215 | @a168页@c图@d21cm | |
| 330 | @a本书是以“酒和酒的熟化”为主题,讲述了关于水和乙醇化学的入门知识。主要内容包括:序言、甘甜的水、水的成分、酒的熟化与乙醇水溶液等。 | |
| 606 | 0 | @a酿酒@x生产工艺 |
| 690 | @aTS261.4@v4 | |
| 701 | 0 | @c(日)@a北条正司@4著@9bei tiao zheng si |
| 701 | 0 | @c(日)@a能勢晶@4著@9neng shi jing |
| 702 | 0 | @a赵惠民@4编译@9zhao hui min |
| 801 | 0 | @aCN@bBP@c20110309 |
| 905 | @aBZT@dTS261@e2@f5@sTS261/2 | |
| 酒和熟化的化学/(日)北条正司,(日)能勢晶著/赵惠民[等]编译.-大连:大连理工大学出版社,2011 |
| 168页:图;21cm |
| ISBN 978-7-5611-5999-6:CNY25.00 |
| 本书是以“酒和酒的熟化”为主题,讲述了关于水和乙醇化学的入门知识。主要内容包括:序言、甘甜的水、水的成分、酒的熟化与乙醇水溶液等。 |
| ● |
| 相关链接 |
|
|
|
正题名:酒和熟化的化学
索取号:TS261/2
 
预约/预借
| 序号 | 登录号 | 条形码 | 馆藏地/架位号 | 状态 | 备注 |
| 1 | 2000011728 | 2000011728 | 旧书回溯/ [索取号:TS261/2] | 在馆 | |
| 2 | 2000011729 | 2000011729 | 旧书回溯/ [索取号:TS261/2] | 在馆 | |
| 3 | 2000011730 | 2000011730 | 旧书回溯/ [索取号:TS261/2] | 在馆 | |
| 4 | 2000011731 | 2000011731 | 旧书回溯/ [索取号:TS261/2] | 在馆 | |
| 5 | 2000011732 | 2000011732 | 旧书回溯/ [索取号:TS261/2] | 在馆 |